• 首页
  • 本馆介绍
  • 公告通知
  • 最新文献
  • 馆藏检索
  • 电子资源
  • 读者导购
  • 参考咨询
  • 我的图书馆
  • 登录
  • 详细信息显示
  • 放入我的书架
  • 预约/预借图书
  • 作者相关作品
  • 分类相关作品
  • 丛书相关作品
  • 出版社相关作品

书目信息

  • 表格格式
  • 工作单格式
  • 卡片格式
书名: 数学习题解析练习课
作者: 维列索娃著.
分册号:
分册名:
出版地: 莫斯科 :
 
出版社: 教育出版社
出版时间: 1979.
页数: 238 p. ;
开本: 20cm.
丛书名:
中图分类号:
科图分类号:
其他分类号: O122-44:H35
主题词:
电子资源:
000 00428nam 2200169 a 4500
001 E0758085378
005 20070802161221.35
008 070802s1979 00010 eng
020    @cCNY2.48.
040    @aPFT@bchi
041    @achi@hrus
090    @aO122-44:H35
099    @dO122-44:H35@ex26
245 1  @a数学习题解析练习课 / @c维列索娃著.
260    @a莫斯科 :@b教育出版社,@c1979.
300    @a238 p. ;@c20cm.
650    @a初等数学@x习题
    
    数学习题解析练习课 / / 维列索娃著.-莫斯科 : : 教育出版社, , 1979.
    238 p. ; ; 20cm.
    
    
    ISBN CNY2.48.
    
●
相关链接 在E读中查询图书 在五车中查询图书 在当当中查询图书 在豆瓣中查询图书


正题名:数学习题解析练习课     索取号:O122-44:H35/x26         预约/预借

序号 登录号 条形码 馆藏地/架位号 状态 备注
1 49395   001304412   第二样本阅览室/ [索取号:O122-44:H35/x26] 在馆    
2 49396   001304403   第四借阅区/ [索取号:O122-44:H35/x26] 在馆    
唐山师范学院图书馆 欢迎您!
大连网信软件有限公司© 版权所有